The social history of cumbum / (Record no. 42436)

MARC details
000 -LEADER
fixed length control field 00836nam a22002297a 4500
005 - DATE AND TIME OF LATEST TRANSACTION
control field 20100818143551.0
010 ## - LCCN (DPL NO)
LC control number ENG-100878
020 ## - INTERNATIONAL STANDARD BOOK NUMBER
International Standard Book Number 8190084852
Terms of availability 150.00
035 ## - SYSTEM CONTROL NUMBER
System control number EN-84411
037 ## - SOURCE OF ACQUISITION
Source of stock number/acquisition DBAD/PUB
082 ## - DEWEY DECIMAL CLASSIFICATION NUMBER
Classification number 309.15403
100 ## - MAIN ENTRY--PERSONAL NAME
Personal name Karpagam, R.
245 ## - TITLE STATEMENT
Title The social history of cumbum /
Statement of responsibility, etc by R. Karpagam
260 ## - PUBLICATION, DISTRIBUTION, ETC. (IMPRINT)
Place of publication, distribution, etc Chennai
Name of publisher, distributor, etc Prabhu Publishers
Date of publication, distribution, etc 2008
270 ## - ADDRESS
Address D 57, Syndicate Residency, No.36, Dr. THomas Road, T. Nagar
City Chennai
Postal code 600017
300 ## - PHYSICAL DESCRIPTION
Extent viii,82p.
Dimensions 22cm (pbk)
500 ## - GENERAL NOTE
General note includes bibliographical references
650 ## - SUBJECT ADDED ENTRY--TOPICAL TERM
Topical term or geographic name as entry element Social History
650 ## - SUBJECT ADDED ENTRY--TOPICAL TERM
Topical term or geographic name as entry element Civilization
942 ## - ADDED ENTRY ELEMENTS (KOHA)
Source of classification or shelving scheme Dewey Decimal Classification
Item type English Books
Classification part 309.15403
Call number suffix KAR
Holdings
Withdrawn status Lost status Not for loan Collection code Home library Current library Date acquired Source of acquisition Cost, normal purchase price Full call number Barcode Copy number Cost, replacement price Koha item type
    Not For Loan Non-fiction D.B.Act.Division D.B.Act.Division 18/08/2010 DBAD/PUB 150.00 309.15403 KAR EN-84411 1 150.00 English Books

© Delhi Public Library
Hit Counter
free hit counter